00885 a2200169 45000010006000000050017000060080041000230030015000640400040000790800038001192450120001570200018002772640042002953000019003375050339003561000020006955887820260407155843.0260407a1988 arg spa dAR-UNSa-BCEJYS aAR-UNSa-BCEJYSbspacAR-UNSa-BCEJYS a336.74xMoneda. Sistema monetario10aObligaciones negociables, bonos y opcionespun efoque operativo para la capitalización de deuda interna y externa a950-587-037-X 1aBuenos Aires :bClub de Estudioc1988 a250 p.c22 cm. a1. La empresa y el sistema financiero – 2. Los canales de financiación – 3. Valuación de instrumentos financieros – 4. Options – 5. Bonos – 6. La ley n° 23.576 – 7. Obligaciones convertibles, abordaje intuitivo – 8. Obligaciones convertibles, abordaje técnico – 9. Capitalización de la deuda externa e interna1 aApreda, Rodolfo